[Event "IECG TE.2005.S.02005 email"]
[Site "IECG email"]
[Date "2007.12.08"]
[Round "2"]
[White "Gomez Galan Arense, Joaquin"]
[Black "Gonzalez, Alejandro Raul"]
[Result "0-1"]
[WhiteElo "1898"]
[BlackElo "1888"]
[PlyCount "21"]
[EventDate "2007.12.08"]
[EventType "tourn (corr)"]
[EventRounds "12"]
[SourceTitle "Corr 2024"]
[Source "ChessBase"]
[SourceDate "2023.10.19"]
[SourceVersion "1"]
[SourceVersionDate "2023.10.19"]
[SourceQuality "1"]

1. e4 e5 2. Nf3 Nc6 3. c3 d5 4. Qa4 Nf6 5. Nxe5 Bd6 6. Nxc6 bxc6 7. d3 0-0 8. Be2 Re8 9. Nd2 Bg4 10. f3 Bd7 11. 0-0 0-1